Państwa członkowskie i kandydujące w Unii Europejskiej - Statystyki

Ogólne statystyki
  • Ten quiz został rozwiązany 46 razy
  • Średni wynik to 33 z 37
Statystyki odpowiedzi
Status w UE Państwo % Poprawnych
Państwo członkowskie Chorwacja
100%
Państwo członkowskie Hiszpania
100%
Państwo członkowskie Niemcy
100%
Państwo członkowskie Portugalia
100%
Państwo członkowskie Polska
97%
Państwo członkowskie Słowacja
97%
Państwo członkowskie Belgia
95%
Państwo członkowskie Holandia
95%
Państwo członkowskie Irlandia
95%
Państwo kandydujące Serbia
95%
Państwo kandydujące Ukraina
95%
Państwo członkowskie Węgry
95%
Państwo członkowskie Czechy
92%
Państwo członkowskie Estonia
92%
Państwo członkowskie Francja
92%
Państwo członkowskie Litwa
92%
Państwo członkowskie Słowenia
92%
Państwo członkowskie Austria
89%
Państwo członkowskie Dania
89%
Państwo członkowskie Finlandia
89%
Państwo członkowskie Grecja
89%
Państwo członkowskie Rumunia
89%
Państwo członkowskie Włochy
89%
Państwo członkowskie Bułgaria
87%
Państwo członkowskie Łotwa
87%
Państwo członkowskie Luksemburg
87%
Państwo członkowskie Szwecja
87%
Państwo kandydujące Bośnia i Hercegowina
84%
Państwo kandydujące Macedonia Północna
84%
Państwo członkowskie Malta
84%
Państwo kandydujące Turcja
84%
Państwo kandydujące Czarnogóra
82%
Państwo członkowskie Cypr
79%
Państwo kandydujące Albania
76%
Państwo starające się o status kandydującego Kosowo
76%
Państwo kandydujące Mołdawia
71%
Państwo starające się o status kandydującego Gruzja
63%
Nie znaleziono quizów pasujących do podanych kryteriów
Rozkład punktacji
Procent ludzi z każdym wynikiem
Percentyl według liczby udzielonych odpowiedzi
Twoja historia wyników
Nie rozwiązałeś tego quizu